000 01595cam a2200397 a 4500
999 _c10628
_d10628
001 13352701
003 OSt
005 20191221133500.0
008 030416s2003 ii a b 000 0 eng
010 _a 2003307509
020 _a0195664051
020 _a9780195664058
025 _aI-E-2003-307509; 79-92
035 _a(DLC) 2003307509
037 _bLibrary of Congress -- New Delhi Overseas Office
_cRs675.00
040 _aDLC
_coclc
_dDLC
042 _alcode
082 _a338.9
_bPAR/R
100 _9623
_aParr, Sakiko Fukuda
245 0 0 _aReadings in Human Development :
_bConcepts, measures, and policies for a development paradigm /
_cSakiko Fukuda-Parr ; A.K Shiva Kumar
260 _aNew Delhi ;
_aNew York :
_bOxford University Press,
_c2003.
300 _a 370 p
500 _a"With a foreword by Amartya Sen."
504 _aIncludes bibliographical references.
520 _aContributed articles on debates regarding how to evaluate economic development and quality of life of people with new social indicators.
650 0 _aEconomic development
_xSocial aspects
_xMethodology.
650 0 _aHuman capital
_xMethodology.
650 0 _aQuality of life
_xMethodology.
650 0 _aSocial accounting
_xMethodology.
700 1 _aFukuda-Parr, Sakiko,
_d1950-
700 1 _aShiva Kumar, A. K.
856 4 2 _3Publisher description
_uhttp://www.loc.gov/catdir/enhancements/fy0637/2003307509-d.html
906 _a7
_bcbc
_corigode
_d3
_encip
_f20
_gy-gencatlg
942 _2ddc
_cBK
_h338.9
_iPAR/R
_k338.9
_mPAR/R